000
00298nam a22001337a 4500
008
180809b xxu||||| |||| 00| 0 eng d
041
_a
eng
080
_2
7th
_a
616-053.2
082
_a
616-053.2
100
_a
8
101
_a
PED
245
_a
Textbook of PEDIATRICS
_c
Nelson,W.E
942
_2
udc
_c
BK
999
_c
46945
_d
46945